Stig Dagerman : le mythe et l'œuvre /
Saved in:
| Main Author: | |
|---|---|
| Format: | Book |
| Language: | French |
| Published: |
Bruxelles :
De Boeck université,
c1993.
|
| Series: | Culture & communication. Série Littérature.
|
| Subjects: | |
| Tags: |
Add Tag
No Tags, Be the first to tag this record!
|
| LEADER | 01016aam a2200265 a 4500 | ||
|---|---|---|---|
| 001 | 003385926-4 | ||
| 005 | 20020606093309.7 | ||
| 008 | 930908s1993 be b 001 0 fre | ||
| 010 | |a 93201902 | ||
| 020 | |a 2804117308 | ||
| 035 | 0 | |a ocm29878886 | |
| 040 | |a DLC |c DLC | ||
| 050 | 0 | 0 | |a PT9875.D12 |b Z83 1993 |
| 100 | 1 | |a Périlleux, Georges. | |
| 245 | 1 | 0 | |a Stig Dagerman : |b le mythe et l'œuvre / |c Georges Périlleux ; préface de Christiane Baroche. |
| 260 | |a Bruxelles : |b De Boeck université, |c c1993. | ||
| 300 | |a 159 p. ; |c 24 cm. | ||
| 490 | 1 | |a Culture & communication. Série Littérature | |
| 504 | |a Includes bibliographical references (p. 155) and index. | ||
| 600 | 1 | 0 | |a Dagerman, Stig, |d 1923-1954 |x Criticism and interpretation. |
| 655 | 7 | |a Criticism, interpretation, etc. |2 fast | |
| 776 | 0 | 8 | |i Online version: |a Périlleux, Georges. |t Stig Dagerman. |d Bruxelles : De Boeck université, ©1993 |w (OCoLC)623562669 |
| 830 | 0 | |a Culture & communication. |p Série Littérature. | |
| 988 | |a 20020608 | ||
| 906 | |0 DLC | ||


